000 00808nam a2200217Ia 4500
003 GCL
008 140319s9999 xx 000 0 ara d
040 _aGCL /
_cGCL
082 0 4 _a250
_bا م
100 1 _aابوبكر جابر الجزائرى
245 1 0 _aمنهاج المسلم :
_bكتاب عقائد واداب و اخلاق و عبادات و معاملات /
_cابوبكر جابر الجزائرى
260 _a[S.N] :
_bالمكتب الثقافى ،
_c1978
260 _aالقاهرة :
_bدار احياء الكتب العربية ،
_c1978
300 _a487 ص ؛
_c24 سم
490 _a
650 0 4 _aالاسلام - عبادات
650 0 4 _aالفقه الاسلامى
650 0 4 _aالاسلام - شريعة
650 0 4 _aالاسلام - اخلاق
942 _2ddc
_cBK
999 _c41391
_d41391